<?xml version="1.0" encoding="UTF-8"?>
<record
    xmlns:xsi="http://www.w3.org/2001/XMLSchema-instance"
    xsi:schemaLocation="http://www.loc.gov/MARC21/slim http://www.loc.gov/standards/marcxml/schema/MARC21slim.xsd"
    xmlns="http://www.loc.gov/MARC21/slim">

  <leader>02590nam a22003017a 4500</leader>
  <controlfield tag="005">20110805093049.0</controlfield>
  <datafield tag="020" ind1=" " ind2=" ">
    <subfield code="a">978057117549X</subfield>
  </datafield>
  <datafield tag="037" ind1=" " ind2=" ">
    <subfield code="b">Allied/DE2010/CR/2777/16.3.11/280/4.3.11/30.3.11</subfield>
  </datafield>
  <datafield tag="082" ind1="0" ind2="0">
    <subfield code="a">N</subfield>
  </datafield>
  <datafield tag="100" ind1="2" ind2=" ">
    <subfield code="a">Vargas Llosa, Mario,</subfield>
    <subfield code="d">1936-</subfield>
    <subfield code="9">31459</subfield>
  </datafield>
  <datafield tag="245" ind1="1" ind2="0">
    <subfield code="a">Death in the Andes /</subfield>
    <subfield code="c">Mario Vargas Llosa ; translated by Edith Grossman.</subfield>
  </datafield>
  <datafield tag="250" ind1=" " ind2=" ">
    <subfield code="a">1st ed.</subfield>
  </datafield>
  <datafield tag="260" ind1=" " ind2=" ">
    <subfield code="a">London:</subfield>
    <subfield code="b">Faber &amp; Faber,</subfield>
    <subfield code="c">1996.</subfield>
  </datafield>
  <datafield tag="270" ind1=" " ind2=" ">
    <subfield code="a">Bloomsburry House, 74-77, Great RussellStreet, </subfield>
    <subfield code="b">London</subfield>
  </datafield>
  <datafield tag="300" ind1=" " ind2=" ">
    <subfield code="a">247 p. ;</subfield>
    <subfield code="c">20 cm. (Pbk)</subfield>
  </datafield>
  <datafield tag="520" ind1="1" ind2=" ">
    <subfield code="a">"In this novel, simultaneous plot lines ranging from an investigation by Corporal Lituma of a mysterious disappearance, to his deputy's love affair with a prostitute, to an Andean community terrorized by Shining Path guerrillas, and the alternating first- and third-person narrators all obscure coherence. Grossman's lazy translation needlessly retains large doses of original Spanish lexicon. An introduction, maps, and a translator's note are badly needed to orient readers not familiar with Peru"--Handbook of Latin American Studies, v. 58.</subfield>
    <subfield code="u">http://www.loc.gov/hlas/</subfield>
  </datafield>
  <datafield tag="700" ind1="1" ind2=" ">
    <subfield code="a">Grossman, Edith,</subfield>
    <subfield code="d">1936-</subfield>
    <subfield code="9">31396</subfield>
  </datafield>
  <datafield tag="942" ind1=" " ind2=" ">
    <subfield code="2">ddc</subfield>
    <subfield code="c">EN</subfield>
    <subfield code="h">N</subfield>
    <subfield code="m">LLO</subfield>
  </datafield>
  <datafield tag="999" ind1=" " ind2=" ">
    <subfield code="c">54901</subfield>
    <subfield code="d">54901</subfield>
  </datafield>
  <datafield tag="952" ind1=" " ind2=" ">
    <subfield code="0">0</subfield>
    <subfield code="1">5</subfield>
    <subfield code="4">0</subfield>
    <subfield code="7">0</subfield>
    <subfield code="8">FIC</subfield>
    <subfield code="a">L</subfield>
    <subfield code="b">L</subfield>
    <subfield code="d">2011-08-08</subfield>
    <subfield code="e">Allied/DE2010/CR/2777/16.3.11/280/4.3.11/30.3.11 </subfield>
    <subfield code="g">434.00</subfield>
    <subfield code="l">0</subfield>
    <subfield code="o">N LLO</subfield>
    <subfield code="p">B-428133</subfield>
    <subfield code="r">2011-08-08 00:00:00</subfield>
    <subfield code="t">1</subfield>
    <subfield code="v">434.00</subfield>
    <subfield code="y">EN</subfield>
  </datafield>
  <datafield tag="952" ind1=" " ind2=" ">
    <subfield code="0">0</subfield>
    <subfield code="1">3</subfield>
    <subfield code="4">0</subfield>
    <subfield code="7">0</subfield>
    <subfield code="8">FIC</subfield>
    <subfield code="a">BL1</subfield>
    <subfield code="b">BL1</subfield>
    <subfield code="d">2011-08-08</subfield>
    <subfield code="e">Allied/DE2010/CR/2777/16.3.11/280/4.3.11/30.3.11 </subfield>
    <subfield code="g">434.00</subfield>
    <subfield code="l">0</subfield>
    <subfield code="o">N LLO</subfield>
    <subfield code="p">B-428134</subfield>
    <subfield code="r">2017-05-13 00:00:00</subfield>
    <subfield code="t">1</subfield>
    <subfield code="v">434.00</subfield>
    <subfield code="y">EN</subfield>
  </datafield>
  <datafield tag="952" ind1=" " ind2=" ">
    <subfield code="0">0</subfield>
    <subfield code="1">0</subfield>
    <subfield code="4">0</subfield>
    <subfield code="7">0</subfield>
    <subfield code="8">FIC</subfield>
    <subfield code="a">JP</subfield>
    <subfield code="b">JP</subfield>
    <subfield code="d">2011-08-08</subfield>
    <subfield code="e">Allied/DE2010/CR/2777/16.3.11/280/4.3.11/30.3.11 </subfield>
    <subfield code="g">434.00</subfield>
    <subfield code="l">13</subfield>
    <subfield code="m">4</subfield>
    <subfield code="o">N LLO</subfield>
    <subfield code="p">B-428135</subfield>
    <subfield code="r">2024-04-22 00:00:00</subfield>
    <subfield code="s">2024-03-11</subfield>
    <subfield code="t">1</subfield>
    <subfield code="v">434.00</subfield>
    <subfield code="w">2011-08-08</subfield>
    <subfield code="y">EN</subfield>
  </datafield>
  <datafield tag="952" ind1=" " ind2=" ">
    <subfield code="0">0</subfield>
    <subfield code="1">5</subfield>
    <subfield code="4">0</subfield>
    <subfield code="7">0</subfield>
    <subfield code="8">FIC</subfield>
    <subfield code="a">ZLS</subfield>
    <subfield code="b">ZLS</subfield>
    <subfield code="d">2011-08-08</subfield>
    <subfield code="e">Allied/DE2010/CR/2777/16.3.11/280/4.3.11/30.3.11 </subfield>
    <subfield code="g">434.00</subfield>
    <subfield code="l">0</subfield>
    <subfield code="o">N LLO</subfield>
    <subfield code="p">B-428136</subfield>
    <subfield code="r">2011-08-08 00:00:00</subfield>
    <subfield code="t">1</subfield>
    <subfield code="v">434.00</subfield>
    <subfield code="y">EN</subfield>
  </datafield>
  <datafield tag="952" ind1=" " ind2=" ">
    <subfield code="0">0</subfield>
    <subfield code="1">0</subfield>
    <subfield code="4">0</subfield>
    <subfield code="7">0</subfield>
    <subfield code="8">FIC</subfield>
    <subfield code="a">VP</subfield>
    <subfield code="b">VP</subfield>
    <subfield code="d">2011-08-08</subfield>
    <subfield code="e">Allied/DE2010/CR/2777/16.3.11/280/4.3.11/30.3.11 </subfield>
    <subfield code="g">434.00</subfield>
    <subfield code="l">5</subfield>
    <subfield code="o">N LLO</subfield>
    <subfield code="p">B-428137</subfield>
    <subfield code="r">2019-07-25 00:00:00</subfield>
    <subfield code="s">2019-07-16</subfield>
    <subfield code="t">1</subfield>
    <subfield code="v">434.00</subfield>
    <subfield code="w">2011-08-08</subfield>
    <subfield code="y">EN</subfield>
  </datafield>
  <datafield tag="952" ind1=" " ind2=" ">
    <subfield code="0">0</subfield>
    <subfield code="1">0</subfield>
    <subfield code="4">0</subfield>
    <subfield code="7">0</subfield>
    <subfield code="8">FIC</subfield>
    <subfield code="a">BL3</subfield>
    <subfield code="b">BL3</subfield>
    <subfield code="d">2011-08-08</subfield>
    <subfield code="e">Allied/DE2010/CR/2777/16.3.11/280/4.3.11/30.3.11 </subfield>
    <subfield code="g">434.00</subfield>
    <subfield code="l">0</subfield>
    <subfield code="o">N LLO</subfield>
    <subfield code="p">B-428138</subfield>
    <subfield code="r">2011-08-08 00:00:00</subfield>
    <subfield code="t">1</subfield>
    <subfield code="v">434.00</subfield>
    <subfield code="w">2011-08-08</subfield>
    <subfield code="y">EN</subfield>
  </datafield>
  <datafield tag="952" ind1=" " ind2=" ">
    <subfield code="0">0</subfield>
    <subfield code="1">5</subfield>
    <subfield code="4">0</subfield>
    <subfield code="7">0</subfield>
    <subfield code="8">FIC</subfield>
    <subfield code="a">BL4</subfield>
    <subfield code="b">BL4</subfield>
    <subfield code="d">2011-08-08</subfield>
    <subfield code="e">Allied/DE2010/CR/2777/16.3.11/280/4.3.11/30.3.11 </subfield>
    <subfield code="g">434.00</subfield>
    <subfield code="l">0</subfield>
    <subfield code="o">N LLO</subfield>
    <subfield code="p">B-428139</subfield>
    <subfield code="r">2011-08-08 00:00:00</subfield>
    <subfield code="t">1</subfield>
    <subfield code="v">434.00</subfield>
    <subfield code="y">EN</subfield>
  </datafield>
</record>
